[Event "Alekhine's Weapon Exposed "]
[Site "SchemingMind.com"]
[Date "2007.02.12"]
[Round "-"]
[White "trashy"]
[Black "Dr_Pat"]
[Result "1-0"]
[WhiteCountry "POR"]
[BlackCountry "USA"]
[WhiteElo "1993"]
[WhiteRD "114"]
[BlackElo "1559"]
[BlackRD "50"]
[GameID "91113"]

1. e4 Nf6 2. d3 e5 3. f4 Nc6 4. Nf3 exf4 5. Bxf4 Be7 6. Be2 O-O 7. O-O b6 8. Nc3 Bb7 9. a3 a5 10. Nb5 Ba6
11. Nxc7 Ra7 12. Nxa6 Rxa6 13. d4 Ra8 14. Bd3 Rc8 15. Qe1 Nh5 16. Be3 Re8 17. d5
1-0

[Event "Alekhine's Weapon Exposed "]
[Site "SchemingMind.com"]
[Date "2007.02.11"]
[Round "-"]
[White "hasan300"]
[Black "jtrochez1"]
[Result "1-0"]
[WhiteCountry "BIH"]
[BlackCountry "HON"]
[WhiteElo "2109"]
[WhiteRD "82"]
[BlackElo "1511"]
[BlackRD "47"]
[GameID "91691"]

1. e4 Nf6 2. e5 Nd5 3. d4 e6 4. c4 Nb6 5. f4 d5 6. c5 N6d7 7. Nf3 Be7 8. f5 exf5 9. Bd3 Nf8 10. O-O c6
11. Nc3 Be6 12. Qc2 Qd7 13. Ne2 Ng6 14. Ng3 Qc7 15. Nxf5 Bxf5 16. Bxf5 Nf8 17. Bf4 Qd8 18. Qf2 g6 19. Bd3 Ne6 20. Bh6 Nd7
21. Ng5 f6 22. Nxe6 Qa5 23. Bg7 Rg8 24. exf6 Bxf6 25. Bxf6 Nf8 26. Rae1 Kd7 27. Qf4 Kc8 28. Qd6 Nd7 29. b4
1-0

[Event "Alekhine's Weapon Exposed "]
[Site "SchemingMind.com"]
[Date "2007.02.15"]
[Round "-"]
[White "hasan300"]
[Black "keen"]
[Result "1-0"]
[WhiteCountry "BIH"]
[BlackCountry "SCO"]
[WhiteElo "2109"]
[WhiteRD "82"]
[BlackElo "1744"]
[BlackRD "63"]
[GameID "91692"]

1. e4 Nf6 2. e5 Nd5 3. d4 d6 4. Nf3 Bg4 5. Be2 e6 6. c4 Nb6 7. h3 Bh5 8. O-O Nc6 9. exd6 cxd6 10. d5 Ne5
11. dxe6 fxe6 12. Nxe5 Bxe2 13. Qxe2 dxe5 14. Qh5+ g6 15. Qxe5
1-0

[Event "Alekhine's Weapon Exposed "]
[Site "SchemingMind.com"]
[Date "2007.02.11"]
[Round "-"]
[White "hasan300"]
[Black "markjburden"]
[Result "1-0"]
[WhiteCountry "BIH"]
[BlackCountry "GBR"]
[WhiteElo "2109"]
[WhiteRD "82"]
[BlackElo "1732"]
[BlackRD "59"]
[GameID "91693"]

1. e4 Nf6 2. e5 Nd5 3. d4 d6 4. Nf3 Nc6 5. c4 Nb6 6. Be2 dxe5 7. d5 Nb8 8. O-O e6 9. Nxe5 Bd6 10. Nd3 exd5
11. c5 Bxh2+ 12. Kxh2 Qh4+ 13. Kg1 N6d7 14. Bf4 Nxc5 15. Bg3 Qe7 16. Nc3 Be6 17. Nxc5 Qxc5 18. Rc1 Qe7 19. Nxd5 Bxd5 20. Rxc7 Qd8
21. Bf3 Be6 22. Qxd8+
1-0

[Event "Alekhine's Weapon Exposed "]
[Site "SchemingMind.com"]
[Date "2007.02.11"]
[Round "-"]
[White "hasan300"]
[Black "Dr_Pat"]
[Result "1-0"]
[WhiteCountry "BIH"]
[BlackCountry "USA"]
[WhiteElo "2109"]
[WhiteRD "82"]
[BlackElo "1519"]
[BlackRD "49"]
[GameID "91694"]

1. e4 Nf6 2. e5 Nd5 3. d4 d6 4. c4 Nb6 5. f4 dxe5 6. fxe5 Bf5 7. Nc3 e6 8. Be3 Bb4 9. Nf3 Nc6 10. a3 Bxc3+
11. bxc3 O-O 12. Bd3 Bxd3 13. Qxd3 h6 14. O-O a6 15. h3 Nd7 16. Qe4 f6 17. exf6 Rxf6 18. Bf2 Rb8 19. Bh4 g5 20. Bg3 Nb6
21. Ne5 Nxe5 22. Bxe5 Rxf1+ 23. Rxf1 Nxc4 24. Qg6#
1-0

[Event "Alekhine's Weapon Exposed "]
[Site "SchemingMind.com"]
[Date "2007.02.13"]
[Round "-"]
[White "hasan300"]
[Black "tacticrules"]
[Result "1-0"]
[WhiteCountry "BIH"]
[BlackCountry "GER"]
[WhiteElo "2162"]
[WhiteRD "85"]
[BlackElo "1577"]
[BlackRD "50"]
[GameID "91695"]

1. e4 Nf6 2. e5 Nd5 3. d4 d6 4. c4 Nb6 5. f4 g6 6. Nc3 Bg7 7. Be3 O-O 8. Nf3 Nc6 9. Be2 Bf5 10. d5 Nb8
11. O-O dxe5 12. fxe5 c6 13. Qd4 cxd5 14. cxd5 N8d7 15. g4 Bxg4 16. Qxg4 Nxe5 17. Nxe5 Bxe5 18. Rad1 Rc8 19. Bh6 Bg7 20. Bxg7 Kxg7
21. Qd4+ Kg8 22. Rf3 e6 23. d6 Qg5+ 24. Rg3 Qc5 25. Qxc5 Rxc5 26. Bf3 Rd8 27. Bxb7 Rd7 28. Ne4
1-0

[Event "Alekhine's Weapon Exposed "]
[Site "SchemingMind.com"]
[Date "2007.02.12"]
[Round "-"]
[White "hasan300"]
[Black "trashy"]
[Result "1-0"]
[WhiteCountry "BIH"]
[BlackCountry "POR"]
[WhiteElo "2162"]
[WhiteRD "85"]
[BlackElo "1968"]
[BlackRD "102"]
[GameID "91696"]

1. e4 Nf6 2. e5 Nd5 3. d4 d6 4. c4 Nb6 5. f4 dxe5 6. fxe5 Nc6 7. Be3 Bf5 8. Nc3 e6 9. Nf3 Bg4 10. Be2 Bxf3
11. gxf3 Qh4+ 12. Bf2 Qf4 13. c5 Nd5 14. Nxd5 exd5 15. Qd2 Qxd2+ 16. Kxd2 g6 17. b4 a6 18. Kc3 Bg7 19. a4 O-O 20. Rhe1 f6
21. e6 Rfe8 22. Bd1 Ne7 23. Bg3 c6 24. Bc2 Bf8 25. Bd3 Kg7 26. Ra2 f5 27. h4 Ng8 28. Be5+ Nf6 29. Bxf5 Be7 30. Rg2 Kf8
31. Bxg6 hxg6 32. Rxg6
1-0

[Event "Alekhine's Weapon Exposed "]
[Site "SchemingMind.com"]
[Date "2007.02.11"]
[Round "-"]
[White "jtrochez1"]
[Black "hasan300"]
[Result "0-1"]
[WhiteCountry "HON"]
[BlackCountry "BIH"]
[WhiteElo "1511"]
[WhiteRD "47"]
[BlackElo "2109"]
[BlackRD "82"]
[GameID "91697"]

1. e4 Nf6 2. e5 Nd5 3. c4 Nb6 4. d4 d6 5. Nf3 g6 6. b3 Bg7 7. Be3 Bg4 8. Be2 O-O 9. O-O dxe5 10. Nxe5 Bxe2
11. Qxe2 c5 12. f4 cxd4 13. Bf2 Nc6 14. Nd2 Nd7 15. Nxc6 bxc6 16. Rad1 c5 17. Nf3 Nf6 18. Bxd4 cxd4 19. Kh1 Nh5 20. Ng5 Qc7
21. Nh3 e5 22. f5 Rae8 23. Qg4 e4 24. fxg6 hxg6 25. Ng5 e3 26. Qe2 Nf4 27. Rxf4 Qxf4 28. Nf3 Rd8 29. c5 Qe4 30. Rd3 Rc8
31. b4 a5 32. a3 axb4 33. axb4 Rb8 34. Ng5 Qf5 35. Nf3 Rxb4
0-1

[Event "Alekhine's Weapon Exposed "]
[Site "SchemingMind.com"]
[Date "2007.02.15"]
[Round "-"]
[White "keen"]
[Black "hasan300"]
[Result "0-1"]
[WhiteCountry "SCO"]
[BlackCountry "BIH"]
[WhiteElo "1744"]
[WhiteRD "63"]
[BlackElo "2109"]
[BlackRD "82"]
[GameID "91698"]

1. e4 Nf6 2. Nc3 d5 3. e5 Nfd7 4. Nf3 e6 5. Be2 c5 6. O-O Nc6 7. b3 Ndxe5 8. Bb2 Bd6 9. Nb5 Bb8 10. Re1 a6
11. Na3 O-O 12. Bf1 d4 13. Nc4 Ng6 14. d3 b5 15. Ncd2 Bb7 16. Ne4 Qd5 17. a4 Bc7 18. g3 Ba5 19. Re2 f5 20. Neg5 h6
21. Rxe6 hxg5 22. Rxg6 Ne5 23. Bg2 Nxf3+ 24. Kh1 Kf7 25. Rxg5 Nxg5 26. Bxd5+ Bxd5+ 27. Kg1 Nf3+ 28. Kf1 Nxh2+
0-1

[Event "Alekhine's Weapon Exposed "]
[Site "SchemingMind.com"]
[Date "2007.02.11"]
[Round "-"]
[White "markjburden"]
[Black "hasan300"]
[Result "0-1"]
[WhiteCountry "GBR"]
[BlackCountry "BIH"]
[WhiteElo "1732"]
[WhiteRD "59"]
[BlackElo "2109"]
[BlackRD "82"]
[GameID "91699"]

1. e4 Nf6 2. e5 Nd5 3. c4 Nb6 4. Nc3 d6 5. exd6 cxd6 6. b3 g6 7. Bb2 Bg7 8. Bd3 Nc6 9. a3 d5 10. cxd5 Nxd5
11. Nge2 Ndb4 12. Bc4 Nd3+ 13. Bxd3 Qxd3 14. O-O Bg4 15. f3 Be6 16. Rb1 O-O 17. Nc1 Qf5 18. Ne4 Nd4 19. Ne2 Bxb3 20. Qe1 Nxe2+
21. Qxe2 Bxb2 22. Rxb2 Bd5 23. d3 Qe5 24. Re1 Rfc8 25. Rb4 Rc7 26. Qe3 Rac8 27. Rb5 b6 28. d4 Qe6 29. Qg5 f5 30. Nf6+ exf6
31. Rxe6 Rc1+ 32. Kf2 R8c2+ 33. Kg3 fxg5 34. Rxd5 Rg1
0-1

[Event "Alekhine's Weapon Exposed "]
[Site "SchemingMind.com"]
[Date "2007.02.11"]
[Round "-"]
[White "Dr_Pat"]
[Black "hasan300"]
[Result "0-1"]
[WhiteCountry "USA"]
[BlackCountry "BIH"]
[WhiteElo "1519"]
[WhiteRD "49"]
[BlackElo "2109"]
[BlackRD "82"]
[GameID "91700"]

1. e4 Nf6 2. e5 Nd5 3. d4 d6 4. c4 Nb6 5. Nc3 dxe5 6. dxe5 Qxd1+ 7. Nxd1 Nc6 8. Nf3 Bg4 9. c5 Nd7 10. Bf4 Bxf3
11. gxf3 Ndxe5 12. Bh3 Nxf3+ 13. Kf1 e5 14. Bg3 Bxc5 15. Rc1 Nd2+ 16. Ke1 Bb4 17. Ke2 Ne4 18. a3 Nd4+ 19. Ke3 Bd2+
0-1

[Event "Alekhine's Weapon Exposed "]
[Site "SchemingMind.com"]
[Date "2007.02.13"]
[Round "-"]
[White "tacticrules"]
[Black "hasan300"]
[Result "0-1"]
[WhiteCountry "GER"]
[BlackCountry "BIH"]
[WhiteElo "1554"]
[WhiteRD "51"]
[BlackElo "2137"]
[BlackRD "83"]
[GameID "91701"]

1. e4 Nf6 2. e5 Nd5 3. d4 d6 4. Nf3 g6 5. Bd3 Bg7 6. O-O O-O 7. c3 Nc6 8. Nbd2 dxe5 9. dxe5 Nxc3 10. bxc3 Qxd3
11. Re1 Qxc3 12. Rb1 Rb8 13. Bb2 Qa5 14. Qb3 Be6 15. Qa3 Qxa3 16. Bxa3 Bxa2 17. Ra1 Be6 18. Rac1 Bh6 19. Red1 Rfd8
0-1

[Event "Alekhine's Weapon Exposed "]
[Site "SchemingMind.com"]
[Date "2007.02.12"]
[Round "-"]
[White "trashy"]
[Black "hasan300"]
[Result "0-1"]
[WhiteCountry "POR"]
[BlackCountry "BIH"]
[WhiteElo "1968"]
[WhiteRD "102"]
[BlackElo "2162"]
[BlackRD "85"]
[GameID "91702"]

1. e4 Nf6 2. Nc3 d5 3. exd5 Nxd5 4. Bc4 Nb6 5. Bb3 a5 6. Qf3 e6 7. a3 Nc6 8. Nge2 a4 9. Ba2 Ra5 10. d4 Nxd4
11. Nxd4 Qxd4 12. Be3 Qh4 13. g3 Qf6 14. Qxf6 gxf6 15. O-O-O Be7 16. Bxb6 cxb6 17. Rd4 Bd7 18. Rhd1 Bc6 19. f4 f5 20. Kb1 h5
21. R1d3 h4 22. Ne2 Bf6 23. Rb4 hxg3 24. hxg3 Rh1+ 25. Nc1 b5 26. Rd2 Ra8 27. Rbd4 Bxd4 28. Rxd4 Be4
0-1

[Event "Alekhine's Weapon Exposed "]
[Site "SchemingMind.com"]
[Date "2007.02.12"]
[Round "-"]
[White "calidore"]
[Black "jtrochez1"]
[Result "1-0"]
[WhiteCountry "ISR"]
[BlackCountry "HON"]
[WhiteElo "1836"]
[WhiteRD "62"]
[BlackElo "1495"]
[BlackRD "52"]
[GameID "91759"]

1. e4 Nf6 2. Nc3 Nc6 3. d4 d6 4. Be3 a6 5. f3 e5 6. Nge2 exd4 7. Nxd4 Ne5 8. Qd2 d5 9. O-O-O c5 10. Nde2 d4
11. Bf4 Bd6 12. Bxe5 Bxe5 13. f4 Bc7 14. e5 Nd7 15. Ne4 O-O 16. g4 Ba5 17. Qd3 b5 18. Bg2 Rb8 19. h4 Bb7 20. Rdg1 Bxe4
21. Bxe4 Bc7 22. Bxh7+ Kh8 23. Bf5 Qe7 24. h5 Nxe5 25. fxe5 Bxe5 26. g5 Qd6 27. g6 c4 28. Qh3 Bf4+ 29. Kb1 Bh6 30. Rd1 Qb6
31. Nxd4 f6 32. Ne6 Rg8 33. Rd7 b4 34. Nxg7 Rxg7 35. Rxg7 Kxg7 36. Rd1 Rd8 37. Qf3 Rxd1+ 38. Qxd1 Qc7 39. Qd5 a5 40. Bd7
1-0

[Event "Alekhine's Weapon Exposed "]
[Site "SchemingMind.com"]
[Date "2007.02.15"]
[Round "-"]
[White "calidore"]
[Black "keen"]
[Result "1-0"]
[WhiteCountry "ISR"]
[BlackCountry "SCO"]
[WhiteElo "1842"]
[WhiteRD "61"]
[BlackElo "1744"]
[BlackRD "63"]
[GameID "91760"]

1. e4 Nf6 2. Nc3 d6 3. d4 Nbd7 4. Be3 g6 5. f3 Bg7 6. Qd2 O-O 7. Bh6 Re8 8. Bxg7 Kxg7 9. Nge2 c6 10. g4 Nb6
11. Ng3 Qc7 12. g5 Nfd7 13. h4 Nf8 14. h5 d5 15. e5 c5 16. hxg6 hxg6 17. Qh2 f6 18. gxf6+ exf6 19. Qh8+
1-0

[Event "Alekhine's Weapon Exposed "]
[Site "SchemingMind.com"]
[Date "2007.02.11"]
[Round "-"]
[White "calidore"]
[Black "markjburden"]
[Result "1/2-1/2"]
[WhiteCountry "ISR"]
[BlackCountry "GBR"]
[WhiteElo "1836"]
[WhiteRD "62"]
[BlackElo "1748"]
[BlackRD "61"]
[GameID "91761"]

1. e4 Nf6 2. e5 Nd5 3. d4 d6 4. Bc4 Nb6 5. Bb3 e6 6. Nf3 Nc6 7. Bf4 d5 8. O-O Be7 9. a4 Bd7 10. a5 Nc8
11. c4 dxc4 12. Bxc4 a6 13. Nc3 N8a7 14. Be3 Nb4 15. Nd2 O-O 16. Na2 Nd5 17. Nc3 c6 18. Nxd5 exd5 19. Bd3 Qc8 20. Qh5 g6
21. Qf3 Nb5 22. Nb3 f6 23. Qg3 Bf5 24. Be2 Qe6 25. Rfc1 Rae8 26. Nc5 Qc8 27. Bxb5 axb5 28. a6 Bxc5 29. axb7 Qxb7 30. Rxc5 Re6
31. f4=
1/2-1/2

[Event "Alekhine's Weapon Exposed "]
[Site "SchemingMind.com"]
[Date "2007.02.11"]
[Round "-"]
[White "calidore"]
[Black "Dr_Pat"]
[Result "1-0"]
[WhiteCountry "ISR"]
[BlackCountry "USA"]
[WhiteElo "1842"]
[WhiteRD "61"]
[BlackElo "1519"]
[BlackRD "49"]
[GameID "91762"]

1. e4 Nf6 2. e5 Nd5 3. d4 d6 4. c4 Nb6 5. f4 dxe5 6. fxe5 Bf5 7. Nc3 e6 8. Be3 Nc6 9. Nf3 Bb4 10. Be2 O-O
11. O-O Bxc3 12. bxc3 Na5 13. Nd2 Bg6 14. Qc1 Nd7 15. Qa3 Nc6 16. Rad1 f5 17. Bd3 Ne7 18. Bg5 Re8 19. Qb3 b6 20. Nf3 h6
21. Bh4 c5 22. d5 exd5 23. cxd5 Qb8 24. d6+ Nd5 25. Qxd5+ Bf7 26. Qc6 Rd8 27. Bxd8 Qxd8 28. Bxf5 Nb8 29. Qxa8
1-0

[Event "Alekhine's Weapon Exposed "]
[Site "SchemingMind.com"]
[Date "2007.02.13"]
[Round "-"]
[White "calidore"]
[Black "tacticrules"]
[Result "1-0"]
[WhiteCountry "ISR"]
[BlackCountry "GER"]
[WhiteElo "1846"]
[WhiteRD "65"]
[BlackElo "1577"]
[BlackRD "50"]
[GameID "91763"]

1. e4 Nf6 2. e5 Nd5 3. d4 d6 4. Nf3 Bg4 5. Be2 g6 6. h3 Bd7 7. O-O Bg7 8. c4 Nb6 9. Be3 O-O 10. Nc3 Nc6
11. a3 dxe5 12. c5 Nc8 13. d5 Nb8 14. Qd2 c6 15. d6 exd6 16. cxd6 Bf5 17. Rfd1 Nb6 18. Bg5 f6 19. Be3 N8d7 20. b4 Qe8
21. a4 Kh8 22. a5 Nc8 23. Bh6 b6 24. Bxg7+ Kxg7 25. Nh4 Be6 26. f4 exf4 27. Qxf4 g5 28. Nf5+ Bxf5 29. Qxf5 bxa5 30. Bd3
1-0

[Event "Alekhine's Weapon Exposed "]
[Site "SchemingMind.com"]
[Date "2007.02.12"]
[Round "-"]
[White "calidore"]
[Black "trashy"]
[Result "1/2-1/2"]
[WhiteCountry "ISR"]
[BlackCountry "POR"]
[WhiteElo "1842"]
[WhiteRD "67"]
[BlackElo "1990"]
[BlackRD "97"]
[GameID "91764"]

1. e4 Nf6 2. Nc3 d5 3. e5 Nfd7 4. f4 e6 5. g3 c5 6. Bg2 Nc6 7. Nf3 Be7 8. O-O Rb8 9. Ne2 b5 10. d4 O-O
11. Be3 a5 12. c3= b4 13. Rc1 bxc3 14. bxc3 Ba6 15. Rf2 Rb2 16. Rc2 Qb6 17. h3 Rb1 18. Rc1 Rb8 19. Kh2 Bc4 20. Rxb1 Qxb1
21. Qxb1 Rxb1 22. dxc5 Bxc5 23. Ned4 Nxd4 24. cxd4 Bb4 25. Nd2 Bxd2 26. Rxd2 Ra1 27. Bf3 Rxa2 28. Rxa2 Bxa2 29. Bd1 Nb6 30. Bd2 Nc4
31. Bc3 Kf8 32. Be2 a4 33. Bxc4 dxc4 34. Kg2 Ke7 35. Kf3 Bb1 36. Ke3 Kd7 37. Kd2 a3 38. Kc1 a2 39. Kd2 Kc6 40. Bb2 Kd5
41. Ke3= Bd3 42. Ba1 Kc6 43. Kd2 Kb5 44. Kc3= h5 45. h4 Ka4 46. Bb2 Bf1 47. Ba1 Kb5 48. Bb2 Kc6 49. Kd2 Kd5 50. Ke3 f6
51. Ba1 fxe5=
1/2-1/2

[Event "Alekhine's Weapon Exposed "]
[Site "SchemingMind.com"]
[Date "2007.02.11"]
[Round "-"]
[White "calidore"]
[Black "hasan300"]
[Result "0-1"]
[WhiteCountry "ISR"]
[BlackCountry "BIH"]
[WhiteElo "1842"]
[WhiteRD "61"]
[BlackElo "2109"]
[BlackRD "82"]
[GameID "91765"]

1. e4 Nf6 2. Nc3 d5 3. exd5 Nxd5 4. Bc4 Nb6 5. Bb3 a5 6. Qh5 e6 7. a3 a4 8. Ba2 Nc6 9. Nf3 Ra5 10. Qh3 h5
11. d3 g5 12. Qg3 g4 13. Nd2 Nd4 14. O-O Nf5 15. Qf4 Bd6 16. Qe4 Re5
0-1

[Event "Alekhine's Weapon Exposed "]
[Site "SchemingMind.com"]
[Date "2007.02.12"]
[Round "-"]
[White "jtrochez1"]
[Black "calidore"]
[Result "0-1"]
[WhiteCountry "HON"]
[BlackCountry "ISR"]
[WhiteElo "1511"]
[WhiteRD "47"]
[BlackElo "1842"]
[BlackRD "61"]
[GameID "91766"]

1. e4 Nf6 2. e5 Nd5 3. c4 Nb6 4. d4 d6 5. exd6 cxd6 6. b3 g6 7. Be3 Bg7 8. Nc3 O-O 9. Be2 Nc6 10. Rc1 Bd7
11. a3 e5 12. d5 Ne7 13. Bf3 f5 14. Be2 Rc8 15. Qd2 f4 16. Bxb6 Qxb6 17. Bd1 Nf5 18. Nf3 Nd4 19. Rb1 Nxf3+ 20. Bxf3 Rce8
21. Ne4 Bf5 22. O-O g5 23. Kh1 g4 24. c5 dxc5 25. Bd1 Bxe4 26. Bxg4 Qg6 27. Qe2 Bxg2+ 28. Kxg2 f3+
0-1

[Event "Alekhine's Weapon Exposed "]
[Site "SchemingMind.com"]
[Date "2007.02.15"]
[Round "-"]
[White "keen"]
[Black "calidore"]
[Result "0-1"]
[WhiteCountry "SCO"]
[BlackCountry "ISR"]
[WhiteElo "1749"]
[WhiteRD "62"]
[BlackElo "1836"]
[BlackRD "62"]
[GameID "91767"]

1. e4 Nf6 2. e5 Nd5 3. d4 d6 4. Nf3 Bg4 5. Be2 e6 6. O-O Be7 7. c4 Nb6 8. Nc3 O-O 9. b3 Nc6 10. Bb2 dxe5
11. Nxe5 Bxe2 12. Nxe2 Nxe5 13. dxe5 Qxd1 14. Raxd1 Rfd8 15. Ng3 Rxd1 16. Rxd1 Rd8 17. Rxd8+ Bxd8 18. Ne4 Be7 19. Bd4 Nd7 20. Kf1 a6
21. Ke2 Ba3 22. f4= Bc1 23. g3 Ba3 24. Kd3 Kf8 25. Bc3 Nc5+ 26. Nxc5 Bxc5 27. Bd4 Be7 28. Ke4 g6 29. g4 Ke8 30. h3 Kd7
31. Kd3 Bh4 32. Ke4 Be1 33. Kf3 b5 34. Ke2 Bg3 35. Kf3 Be1 36. Ke4 Kc6 37. Kd3 Bb4 38. Be3 Bc5 39. Bxc5 Kxc5 40. cxb5 axb5
41. a4 bxa4 42. bxa4 Kb4 43. f5 c5 44. fxe6 fxe6 45. a5 Kxa5 46. Kc4 Kb6 47. g5 Kc6 48. h4 Kb6 49. Kd3 Kb5 50. Kc3 c4
51. Kc2 Kb4 52. Kb2 c3+ 53. Kc2 Kc4 54. Kc1 Kd3 55. Kd1 c2+ 56. Kc1 Ke4
0-1

[Event "Alekhine's Weapon Exposed "]
[Site "SchemingMind.com"]
[Date "2007.02.12"]
[Round "-"]
[White "markjburden"]
[Black "calidore"]
[Result "1-0"]
[WhiteCountry "GBR"]
[BlackCountry "ISR"]
[WhiteElo "1748"]
[WhiteRD "61"]
[BlackElo "1836"]
[BlackRD "62"]
[GameID "91768"]

1. e4 Nf6 2. e5 Nd5 3. c4 Nb6 4. d4 d6 5. exd6 cxd6 6. Nc3 g6 7. Nf3 Bg7 8. Be3 O-O 9. Be2 Nc6 10. a3 e5
11. d5 Ne7 12. O-O Bd7 13. b3 f5 14. Rc1 f4 15. Bd2 Nf5 16. Ne4 Rc8 17. Bb4 Be8 18. Re1 Na8 19. Nfg5 Nc7 20. Bg4 h6
21. Nxd6 Nxd6 22. Ne6 Nxe6 23. Bxe6+ Bf7 24. Bxc8 Nxc8 25. Bxf8 Qxf8 26. b4 Qd6 27. Qg4 Ne7 28. Red1 Nf5 29. c5 Qd8 30. c6 bxc6
31. dxc6 Qc8 32. c7 Bf6 33. Rc6 Kg7 34. Qe2 Be6 35. Qa6 Qxa6 36. Rxa6 Bc8 37. Rxa7 e4 38. Ra8 Ne7 39. b5 Bb7 40. Ra7 Bc8
41. b6 e3 42. b7 exf2+ 43. Kxf2 Bxb7 44. Rxb7 Nc8 45. Rb8
1-0

[Event "Alekhine's Weapon Exposed "]
[Site "SchemingMind.com"]
[Date "2007.02.12"]
[Round "-"]
[White "Dr_Pat"]
[Black "calidore"]
[Result "0-1"]
[WhiteCountry "USA"]
[BlackCountry "ISR"]
[WhiteElo "1519"]
[WhiteRD "49"]
[BlackElo "1842"]
[BlackRD "61"]
[GameID "91769"]

1. e4 Nf6 2. e5 Nd5 3. d4 d6 4. c4 Nb6 5. exd6 cxd6 6. Nc3 g6 7. Be3 Bg7 8. Nf3 O-O 9. Bd3 Nc6 10. O-O Bg4
11. h3 Bxf3 12. Qxf3 Rb8 13. Rfe1 Nxd4 14. Qe4 Nc6 15. Nd5 Nxd5 16. cxd5 Ne5 17. f4 Nxd3 18. Qxd3 a6 19. Bd4 Re8 20. Bxg7 Kxg7
21. h4 Qb6+ 22. Kh1 Qxb2 23. f5 Qf2 24. Qh3 Qxf5 25. Qxf5 gxf5 26. g3 Rbc8 27. Re2 Rc5
0-1

[Event "Alekhine's Weapon Exposed "]
[Site "SchemingMind.com"]
[Date "2007.02.14"]
[Round "-"]
[White "tacticrules"]
[Black "calidore"]
[Result "0-1"]
[WhiteCountry "GER"]
[BlackCountry "ISR"]
[WhiteElo "1554"]
[WhiteRD "51"]
[BlackElo "1836"]
[BlackRD "62"]
[GameID "91770"]

1. e4 Nf6 2. e5 Nd5 3. d4 d6 4. Nf3 g6 5. Bd3 Bg7 6. O-O O-O 7. c3 Nc6 8. Qc2 dxe5 9. dxe5 Nxe5 10. Nxe5 Bxe5
11. Re1 Qd6 12. Bh6 Re8 13. g3 Be6 14. Nd2 Bh8 15. Rad1 Qc6 16. Be4 Qa6 17. a3 Rad8 18. Bd3 Qc6 19. Be4 Qd7 20. Bxd5 Qxd5
21. Ne4 Qh5 22. Be3 Bf5 23. Rxd8 Rxd8 24. Bd4 Bxd4 25. cxd4 Rxd4
0-1

[Event "Alekhine's Weapon Exposed "]
[Site "SchemingMind.com"]
[Date "2007.02.12"]
[Round "-"]
[White "trashy"]
[Black "calidore"]
[Result "1/2-1/2"]
[WhiteCountry "POR"]
[BlackCountry "ISR"]
[WhiteElo "1968"]
[WhiteRD "102"]
[BlackElo "1846"]
[BlackRD "65"]
[GameID "91771"]

1. e4 Nf6 2. d3 e5 3. f4 Nc6 4. Nf3 d5 5. exd5 Nxd5 6. fxe5 Bg4 7. Be2 Bxf3 8. Bxf3 Nxe5 9. Qe2 Qd6 10. d4 O-O-O
11. dxe5 Qc5 12. Bxd5 Rxd5 13. Be3 Qa5+ 14. Nd2 Rxe5 15. O-O Rxe3 16. Qg4+ Re6 17. Rxf7 Qb6+ 18. Kh1 Kb8 19. Raf1 Re8 20. Qd7 Bd6
21. Nc4 Qc6 22. Qxc6 bxc6 23. Na5 Re2 24. R7f2 Rxf2 25. Rxf2 c5 26. g4 Rf8= 27. Rxf8+ Bxf8 28. Kg2 Bd6 29. h4 Kc8 30. Kf3 Kd7
31. Ke4 Ke6= 32. a4 h6 33. Nc6 Kd7 34. Na5 Ke6 35. g5 Bg3 36. gxh6 gxh6 37. h5 Bd6 38. Nc6 Kd7=
1/2-1/2

[Event "Alekhine's Weapon Exposed "]
[Site "SchemingMind.com"]
[Date "2007.02.11"]
[Round "-"]
[White "hasan300"]
[Black "calidore"]
[Result "1-0"]
[WhiteCountry "BIH"]
[BlackCountry "ISR"]
[WhiteElo "2109"]
[WhiteRD "82"]
[BlackElo "1842"]
[BlackRD "61"]
[GameID "91772"]

1. e4 Nf6 2. e5 Nd5 3. d4 d6 4. Nf3 Bg4 5. Be2 e6 6. O-O Be7 7. c4 Nb6 8. h3 Bxf3 9. Bxf3 Nc6 10. Bxc6+ bxc6
11. Qg4 g6 12. Qf3 dxe5 13. dxe5 O-O 14. Bh6 Re8 15. Rd1 Qb8 16. Qxc6 Rd8 17. Nc3 Rxd1+ 18. Rxd1 Qe8 19. Qxc7 Rc8 20. Qb7 Nxc4
21. Rd7 Bc5 22. Ne4 Rb8 23. Nf6+
1-0